000 00706nam a2200193 a 4500
001 000317453
003 AM-YeHGA
005 20250618072021.0
008 040312s1934 ai 000 | arm d
040 _aAM-YeHGA
041 1 _aarm
_hgeo
245 1 0 _aՀարկեր :
_bՎեպ /
_cՊ. Չխիկվաձե; Թարգմ.՝ Արտ. յեվ Հովհ. Դավթյաններ.
260 _aՅերևան :
_bՊետհրատ,
_c1934.
300 _a196 էջ ;
_c20 սմ.
650 1 4 _aՎրացական գրականություն
_xՎեպ
700 1 _aԴավթյան, Արտաշես,
_eթարգմ.
_4trl
700 1 _aԴավթյան, Հովհաննես Արտեմի,
_d1887-1985
_eթարգմ.
_4trl
_92554
090 _c119186
999 _c117838
_d117838